Statistics for Eurovision 2021 Songs

Click here to take the quiz!

General Stats

  • This quiz has been taken 412 times
  • The average score is 30 of 39

Answer Stats

CountrySong% Correct
CyprusEl Diablo
93%
FranceVoilà
93%
AzerbaijanMata Hari
91%
Iceland10 Years
87%
NorwayFallen Angel
87%
GermanyI Don’t Feel Hate
87%
RussiaRussian Woman
87%
AustriaAmen
85%
SloveniaAmen
85%
GreeceLast Dance
85%
IsraelSet Me Free
85%
BulgariaGrowing Up is Getting Old
84%
MaltaJe Me Casse
84%
SerbiaLoco Loco
84%
UkraineSHUM
84%
FinlandDark Side
83%
MoldovaSugar
83%
SwedenVoices
83%
San MarinoAdrenalina
82%
LithuaniaDiscoteque
82%
United KingdomEmbers
81%
ItalyZitti e buoni
81%
IrelandMaps
79%
CroatiaTick-Tock
79%
AustraliaTechnicolour
78%
BelgiumThe Wrong Place
78%
SwitzerlandTout l’univers
78%
PortugalLove Is on My Side
76%
AlbaniaKarma
75%
RomaniaAmnesia
73%
Czech RepublicOmaga
72%
GeorgiaYou
70%
PolandThe Ride
68%
The NetherlandsBirth of a New Age
67%
LatviaThe Moon Is Rising
64%
EstoniaThe Lucky One
60%
SpainVoy a quedarme
58%
North MacedoniaHere I Stand
54%
DenmarkØve os på hinanden
41%

Score Distribution

Percentile by Number Answered

Percent of People with Each Score

Your Score History

You have not taken this quiz